Responses for Show #1865 - Friday, October 16, 1992

Game entered from audiorecording.

Contestants

[<< previous game]

Bill Steiger, a grad student originally from Washington, D.C.

Diana Lewis, an instructional assistant originally from Springfield, Ohio

Lynn Loper, a records evaluator from Newark, Delaware (whose 1-day cash winnings total $14,000)

[next game >>]

Jeopardy! Round responses

ANCIENT TIMES
BROADWAY
ONTARIO
FAMOUS FIRSTS
DRINKING VESSELS
"V"OCABULARY
(Alex: Each correct response will begin with that letter.)
    $100 10
Egypt

Diana
    $100 4
Tony Randall

Bill
    $100 1
Shakespeare

Lynn
    $100 5
Niagara Falls

Lynn
    $100 23
stein

Diana
    $100 18
a valet

Bill
    $200 12
Turkey

Lynn
    $200 11
Gypsy Rose Lee

Lynn
    $200 2
the Thames

Lynn
    $200 6
Benjamin Franklin

Bill
    $200 24
the Holy Grail

Lynn
    $200 19
a valedictorian

Bill
    $300 13
Confucius

Bill
    $300 17
Flora the Red Menace

Triple Stumper
    $300 3
the maple

Diana
    $300 7
Walter & John Huston

Bill
    $300 26
a snifter

Diana
    $300 20
a vicuna

Diana
    $400 14
the Etruscans

Bill
    $400 29
(Bill: Who is Hammersmith?)

Richard Rodgers

LynnBill
    $400 16
hockey

Diana
    $400 8
a crossword puzzle

Lynn
    $400 27
a demitasse

Lynn
    $400 21
verbatim

Bill
    $500 15
Messalina

Lynn
    $500 30
The Secret Garden

Diana
    $500 25
the Thousand Islands

Lynn
    $800 9
Diners Club

Lynn
    $500 28
a tumbler

Lynn
    $500 22
virtuoso

Diana

Scores at the first commercial break (after clue 13):

Lynn Diana Bill
$2,000 $400 $900

Scores at the end of the Jeopardy! Round:

Lynn Diana Bill
$4,500 $2,500 $1,600

Double Jeopardy! Round responses

NATURE
PRESIDENTIAL ELECTIONS
LANDMARKS
WELL-KNOWN NAMES
BALLET
THE FOOT
    $200 24
oaks

Bill
    $200 1
Lincoln

Diana
    $200 7
the Bastille

Bill
    $200 2
Halley

Lynn
    $200 16
(Diana: What is Man of La Mancha?)

Don Quixote

LynnDiana
    $200 19
a bone

Lynn
    $400 25
porcupines

Bill
    $400 3
FDR

Lynn
    $400 8
St. Bernard

Lynn
    $400 12
Haile Selassie

Bill
    $400 17
Germany

Lynn
    $400 20
a podiatrist

Bill
    $600 26
a boll

Lynn
    $600 4
Taft

Lynn
    $600 9
(Bill: What is Rockefeller Center?)

the Time Life Building

LynnBill
    $600 13
the Christy Minstrels

Bill
    $600 18
Chopin

Bill
    $600 21
diabetes

Lynn
    $800 27
a panda

Bill
    $2,000 5
(Lynn: Who was Andrew Jackson?)

Madison

Lynn
    $700 10
Captain Cook

Lynn
    $800 14
Liberia

Lynn
    $800 22
Prokofiev

Bill
    $800 23
an arch

Bill
    $1000 28
(Diana: What is photosynthesis?)

transpiration

Diana
Triple Stumper
    $1000 6
McKinley

Bill
    $1000 11
the Dome of the Rock

Lynn
    $1000 15
chess

Lynn
    $1000 29
Hoffmann

Lynn
    $1000 30
flat feet

Lynn

Scores at the end of the Double Jeopardy! Round:

Lynn Diana Bill
$12,200 $1,500 $7,200

[wagering suggestions for these scores]

Final Jeopardy! Round responses

U.S. GEOGRAPHY
DianaWhat is Okefenokee?
$1,400
BillWhat is Lake Okeechobee?
$7,150
LynnWhat is Lake Okeechobee?
$3,000
Lake Okeechobee

Final scores:

Lynn Diana Bill
$15,200 $100 $14,350
2-day champion: $29,200 3rd place: Ross Simons bracelet + Wheel of Fortune & Jeopardy! games for the Super Nintendo & Sega Genesis 2nd place: trip to Honolulu, Hawaii

Game dynamics:

Coryat scores:

Lynn Diana Bill
$14,000 $1,500 $7,200
29 R
(including 2 DDs),
1 W
(including 1 DD)
9 R,
2 W
19 R,
2 W

Combined Coryat: $22,700

[game clues] [game scores] [suggest correction]

Game tape date: 1992-08-11
The J! Archive is created by fans, for fans. Scraping, republication, monetization, and malicious use prohibited; this site may use cookies and collect identifying information. See terms. The Jeopardy! game show and all elements thereof, including but not limited to copyright and trademark thereto, are the property of Jeopardy Productions, Inc. and are protected under law. This website is not affiliated with, sponsored by, or operated by Jeopardy Productions, Inc. Join the discussion at JBoard.tv.